000
00307nam a2200133Ia 4500
100
_a
Reissland martin U
942
_c
BK
654
_a
Electrical measurements
245
_a
Electrical Measurements
260
_b
WILEY EASTERN LIMITED
_a
New Delhi
_c
1992
300
_a
340
546
_a
ENGLISH
999
_c
20446
_d
20446